000 00467nam a2200157 a 4500
001 000044568
005 20201002045452.0
008 140717s1988 ht ac 000 0 spa d
020 _a0070460299
040 _aDO-SdBNP
_bspa
_cBNPHU
082 _axxxx
_bxxxx
100 1 _aAbbott, Elizabeth
_972591
245 1 0 _aHaiti :
_bthe duvaliers and their legacy /
_cElizabeth Abbott.
260 _aEstados Unidos :
_bMcGraw-Hill,
_c1988.
300 _axii, 381 p. :
_bil. ;
_c24 cm.
999 _c44057
_d44057